<?xml version="1.0" encoding="UTF-8"?>
<record
    xmlns:xsi="http://www.w3.org/2001/XMLSchema-instance"
    xsi:schemaLocation="http://www.loc.gov/MARC21/slim http://www.loc.gov/standards/marcxml/schema/MARC21slim.xsd"
    xmlns="http://www.loc.gov/MARC21/slim">

  <leader>01968nam a2200313 a 4500</leader>
  <controlfield tag="001"> </controlfield>
  <controlfield tag="003">OSt</controlfield>
  <controlfield tag="005">20220127122104.0</controlfield>
  <controlfield tag="007">ta</controlfield>
  <controlfield tag="008">150408e2014    dr ad         001 0 spa d</controlfield>
  <datafield tag="020" ind1=" " ind2=" ">
    <subfield code="a">9789945580211</subfield>
  </datafield>
  <datafield tag="040" ind1=" " ind2=" ">
    <subfield code="a">DO-SdBNP</subfield>
    <subfield code="b">spa</subfield>
    <subfield code="c">BPMSU</subfield>
  </datafield>
  <datafield tag="082" ind1=" " ind2=" ">
    <subfield code="a">372.7</subfield>
    <subfield code="b">U76m 2014</subfield>
    <subfield code="2">22</subfield>
  </datafield>
  <datafield tag="100" ind1="1" ind2=" ">
    <subfield code="a">Uribe, Leonidas Rafael</subfield>
  </datafield>
  <datafield tag="245" ind1="1" ind2="0">
    <subfield code="a">Matem&#xE1;tica hoy II /</subfield>
    <subfield code="c">Jes&#xFA;s Alberto de la Cruz; correcci&#xF3;n y estilo Luisa Hern&#xE1;ndez </subfield>
  </datafield>
  <datafield tag="260" ind1=" " ind2=" ">
    <subfield code="a">Santo Domingo :</subfield>
    <subfield code="b">UAPA,</subfield>
    <subfield code="c">2014.</subfield>
  </datafield>
  <datafield tag="300" ind1=" " ind2=" ">
    <subfield code="a">xiv, 270 p. :</subfield>
    <subfield code="b">il., ;</subfield>
    <subfield code="c">28 cm.</subfield>
  </datafield>
  <datafield tag="490" ind1="1" ind2=" ">
    <subfield code="a">Autoaprendizaje</subfield>
  </datafield>
  <datafield tag="504" ind1=" " ind2=" ">
    <subfield code="a">Bibliograf&#xED;a : p. 223-224</subfield>
  </datafield>
  <datafield tag="505" ind1="0" ind2=" ">
    <subfield code="g">Unidad modular no. 1</subfield>
    <subfield code="t">Lenguaje de conjuntos --</subfield>
    <subfield code="g">Unidad modular no. 2</subfield>
    <subfield code="t">Introducci&#xF3;n a los intervalos y desigualdades --</subfield>
    <subfield code="g">Tema modular no. 1</subfield>
    <subfield code="t">Desiguldades --</subfield>
    <subfield code="g">Unidad modular no. 3</subfield>
    <subfield code="t">Ecuaciones e inecuaciones de primer y segundo grado en una variable --</subfield>
    <subfield code="g">Tema modular no. 1</subfield>
    <subfield code="t">Inecuaciones lineales y de segundo grado --</subfield>
    <subfield code="g">Unidad modular no. 4</subfield>
    <subfield code="t">Ecuaciones e inecuaciones lineales en dos variables --</subfield>
    <subfield code="g">Unidad modular no. 5</subfield>
    <subfield code="t">Sistemas de ecuacuaciones e inecuaciones en dos variables --</subfield>
    <subfield code="g">Tema modular no. 1</subfield>
    <subfield code="t">Sistema de inecuaciones en dos variables --</subfield>
    <subfield code="g">Unidad modular no. 6</subfield>
    <subfield code="t">Vectores, matrices y determinantes --</subfield>
    <subfield code="g">Tema modular no. 1</subfield>
    <subfield code="t">Vectores y su geometr&#xED;a --</subfield>
    <subfield code="g">Tema modular no. 2</subfield>
    <subfield code="t">Matrices y sus generalidades --</subfield>
    <subfield code="g">Tema modular no. 3</subfield>
    <subfield code="t">Determinantes --</subfield>
    <subfield code="g">Tema modular no. 7</subfield>
    <subfield code="t">Relaciones y funciones --</subfield>
    <subfield code="g">Tema modular no. 1</subfield>
    <subfield code="t">Introducci&#xF3;n al analisis de funciones --</subfield>
    <subfield code="g">Tema modular no. 2</subfield>
    <subfield code="t">Representaci&#xF3;n gr&#xE1;fica de funciones de valores reales --</subfield>
    <subfield code="g">Tema modular no. 3</subfield>
    <subfield code="t">Teorema del residuo y teorema del factor --</subfield>
    <subfield code="t">Solucionario.</subfield>
  </datafield>
  <datafield tag="590" ind1=" " ind2=" ">
    <subfield code="6">Inventariado, 2022/VM</subfield>
  </datafield>
  <datafield tag="650" ind1=" " ind2="4">
    <subfield code="a"> Matematicas</subfield>
    <subfield code="x">Ense&#xF1;anzas </subfield>
  </datafield>
  <datafield tag="650" ind1=" " ind2="4">
    <subfield code="a">Educaci&#xF3;n primaria. </subfield>
  </datafield>
  <datafield tag="700" ind1="1" ind2=" ">
    <subfield code="a"> Hern&#xE1;ndez, Luisa </subfield>
    <subfield code="e"> </subfield>
  </datafield>
  <datafield tag="710" ind1="2" ind2=" ">
    <subfield code="a">Universidad Abierta para Adultos (Santiago de los Caballeros, Republica  Dominicana)</subfield>
  </datafield>
  <datafield tag="830" ind1=" " ind2="0">
    <subfield code="a">Autoaprendizaje</subfield>
  </datafield>
  <datafield tag="910" ind1=" " ind2=" ">
    <subfield code="a">VMateo V. </subfield>
  </datafield>
  <datafield tag="942" ind1=" " ind2=" ">
    <subfield code="2">ddc</subfield>
    <subfield code="c">BK</subfield>
  </datafield>
  <datafield tag="952" ind1=" " ind2=" ">
    <subfield code="0">0</subfield>
    <subfield code="1">0</subfield>
    <subfield code="2">ddc</subfield>
    <subfield code="4">0</subfield>
    <subfield code="7">0</subfield>
    <subfield code="8">CE</subfield>
    <subfield code="a">BPMET</subfield>
    <subfield code="b">BPMET</subfield>
    <subfield code="d">2022-01-27</subfield>
    <subfield code="o">BPMSU CDE 372.7 U76m 2014</subfield>
    <subfield code="p">BPMSU22010078</subfield>
    <subfield code="r">2022-01-27</subfield>
    <subfield code="w">2022-01-27</subfield>
    <subfield code="y">BK</subfield>
  </datafield>
  <datafield tag="999" ind1=" " ind2=" ">
    <subfield code="c">13985</subfield>
    <subfield code="d">13985</subfield>
  </datafield>
</record>
